| 000 | 00360cam a2200145ua 4500 | ||
|---|---|---|---|
| 041 |
_aeng _h |
||
| 082 |
_a828.09 _bTIL/ME |
||
| 100 | _aTillyard, E M W . | ||
| 245 |
_aMetaphysical and milton / _cE M W Tillyard. _hTextual Documents |
||
| 260 |
_aLondon : _bChatto and Windus , _c1960. |
||
| 300 | _a88 ; . | ||
| 504 | _a | ||
| 942 | _cBK | ||
| 999 |
_c3705 _d3705 |
||